000 00440nmm a2200157Ia 4500
008 251105s9999||||xx |||||||||||||||||und||
020 _a9788498385359
041 _aspa
100 _aRoy, Anuradha
245 0 _aLos pliegues de la tierra
264 _a[Madrid, España] :
_bEdiciones Salamandra,
_c2013
300 _a352 páginas
650 _aOther narratives
856 _uhttps://public.digitaliapublishing.com/a/48259
942 _cCF
999 _c91750
_d91750